000
00354nam a2200157Ia 4500
100
_a
None
250
_a
3
942
_c
BK
654
_a
mathematics
245
_a
Model Solutions for Applied Mathematics II from May 95 to up to date
260
_b
Nandu Pub
_a
London
_c
1998
082
_a
519
300
_a
250
546
_a
ENGLISH
999
_c
30087
_d
30087